Responses for Show #5847 - Tuesday, February 2, 2010

2010-A College Championship quarterfinal game 2.

Contestants

[<< previous game]

Will Warren, a senior from the University of Alabama

Ashley Walker, a senior from Dartmouth College

Samira Missaghi, a junior from the University of Minnesota

[next game >>]

Jeopardy! Round responses

GOING ABSOLUTELY DENTAL
TV TIME
SHAKESPEARE'S WOMEN
SOLD!
HISTORIC DOCUMENTS
VERB-ATIM
    $200 6
crown

Ashley
    $200 1
nursing

Samira
    $200 7
Cleopatra

Samira
    $200 18
dealer

Ashley
    $200 22
(Samira: What is a charter?)

compact

SamiraWill
    $200 8
abolish

Will
    $400 17
gums

Will
    $400 2
FlashForward

Samira
    $400 13
Ophelia

Ashley
    $400 21
auction

Ashley
    $400 24
pact

Samira
    $400 9
unfriend

Samira
    $600 28
root

Will
    $600 3
Family Guy

Ashley
    $600 14
(Ashley: Who is Matilda?)

Miranda

Ashley
Triple Stumper
    $600 20
barter

Ashley
    $600 23
act

Will
    $600 10
render

Will
    $800 29
pulp

Samira
    $800 4
So You Think You Can Dance

Samira
    $800 15
Goneril and Regan

Ashley
    $800 19
cover

Ashley
    $800 26
plan

Will
    $800 11
ignite

Will
    $1000 30
(Samira: What are molars?)

incisors

Samira
Triple Stumper
    $1000 5
60 Minutes

Samira
    $1000 16
Portia

Ashley
    $1000 25
hawk

Will
    $1000 27
charter

Will
    $1000 12
annihilate

Ashley

Scores at the first commercial break (after clue 15):

Samira Ashley Will
$3,000 $2,400 $1,600

Scores at the end of the Jeopardy! Round:

Samira Ashley Will
$3,000 $5,400 $6,200

Double Jeopardy! Round responses

EUROPEAN BODIES OF WATER
RETIRED NUMBERS BY TEAM
CLASSICAL MUSIC
NON-EDIBLE FRUIT TERMS
COMMENCEMENT SPEECHES
BEFORE & AFTER
    $400 6
Geneva

Will
    $400 12
the Packers

Will
    $400 15
"Winter"

Will
    $400 14
Apple

Ashley
    $400 27
Coca-Cola

Ashley
    $400 1
full House of Lords

Will
    $800 7
(Will: What is the Rhine?)

Danube

Will
Triple Stumper
    $800 13
the Twins

Samira
    $800 21
The Planets

Ashley
    $800 18
[Alex purses his lips and blows.]

raspberry

Samira
    $800 26
Bill Nye

Triple Stumper
    $800 2
[Alex reads the clue as "the Major League Baseball crown".]

Disney World Series

Samira
    $1200 8
Loch Lomond

Triple Stumper
    $1200 11
(Will: What are the Lakers?)

the Philadelphia 76ers

Will
Triple Stumper
    $2,000 24
Chopin

Ashley
    $1200 19
BlackBerry

Samira
    $1200 28
Wellesley

Ashley
    $1200 3
(Will: [*].)

Minute Maid of Orleans

SamiraWill
    $1600 9
the Straits of Gibraltar

Will
    $1600 16
the Baltimore Orioles

Triple Stumper
    $1600 23
An American in Paris

Ashley
    $1600 20
kiwi

Ashley
    $1600 29
Bernanke

Samira
    $1600 4
Miss America the Beautiful

Ashley
    $1,500 10
the Po

Will
    $2000 17
the Buffalo Bills

Triple Stumper
    $2000 22
Clavier

Ashley
    $2000 25
(Will: What is cherry?)

plum

Will
Triple Stumper
    $2000 30
Sarah Lawrence

Triple Stumper
    $2000 5
the Electoral College of Cardinals

Will

Scores at the end of the Double Jeopardy! Round:

Samira Ashley Will
$9,400 $17,000 $7,700

Final Jeopardy! Round responses

FAMOUS AMERICANS
[Ashley inserted "Benjamin" in her response with a caret from beneath.]
WillWho is William Penn?
$7,654
SamiraWho is Benjamin Franklin?
$6,000
AshleyWho is Benjamin Franklin?
$2,000
Benjamin Franklin

Final scores:

Samira Ashley Will
$15,400 $19,000 $46
2nd place: $5,000 if eliminated Automatic semifinalist 3rd place: $5,000 if eliminated

Game dynamics:

Coryat scores:

Samira Ashley Will
$9,400 $16,200 $8,200
14 R,
2 W
19 R
(including 1 DD),
1 W
17 R
(including 2 DDs),
4 W

Combined Coryat: $33,800

[game clues] [game scores] [suggest correction]

Game tape date: 2010-01-05
The J! Archive is created by fans, for fans. Scraping, republication, monetization, and malicious use prohibited; this site may use cookies and collect identifying information. See terms. The Jeopardy! game show and all elements thereof, including but not limited to copyright and trademark thereto, are the property of Jeopardy Productions, Inc. and are protected under law. This website is not affiliated with, sponsored by, or operated by Jeopardy Productions, Inc. Join the discussion at JBoard.tv.